000 00608nam a22001937a 4500
003 OSt
005 20260310113100.0
008 260310b |||||||| |||| 00| 0 spa d
020 _a978-9978-48-540-8
082 _2978-9978-48-540-8
100 _aÉdgar Állan GarcÍa
245 _aCUENTOS MÁGICOS
250 _a1RA EDICIÓN
260 _aEDINUM
300 _a87PAG
520 _aEsta edición de propiedad intelectual de edinum , nos da linda nostalgia de un buen cuento donde se incluye actividades para recrear la lectura
650 _2actividad
_arecreación, fantasía
942 _2ddc
_cBKA
_n0
999 _c2020
_d2020